MARC

LEADER 00000nam0a2200000 4500
001 672312
005 20240416135421.0
035 |a (RuTPU)RU\TPU\book\134765 
090 |a 672312 
100 |a 20240416d1934 km|y0rusy50 ca 
101 0 |a rus 
102 |a RU 
105 |a a z 001zy 
181 0 |a i   |b  e  
182 0 |a n 
183 0 |a nc  |2 RDAcarrier 
200 1 |a Серия винтов СДВ-2  |f Центральный аэрогидродинамический институт ; Г. И. Кузьмин 
210 |a Москва  |a Ленинград  |c Государственное технико-теоретическое издательство  |d 1934 
215 |a 16 с.  |c ил. 
225 1 |a Труды Центрального аэро-гидродинамического института  |v Вып. 177 
283 |a volume 
606 |a Аэродинамические установки  |2 stltpush  |3 (RuTPU)RU\TPU\subj\29887  |9 53119 
610 1 |a пограничный слой 
610 1 |a ламинарный режим 
610 1 |a воздушные винты 
610 1 |a лопасти 
610 1 |a проектирование 
610 1 |a приближенные расчеты 
610 1 |a КПД 
610 1 |a расчеты на прочность 
675 |a 533.6.07  |v 3 
700 |a Кузьмин  |b Г. И. 
712 0 2 |a Центральный аэрогидродинамический институт (ЦАГИ)  |c (Москва)  |3 (RuTPU)RU\TPU\col\4446 
801 1 |a RU  |b 63413507  |c 20240416  |g PSBO 
801 2 |a RU  |b 63413507  |c 20240416  |g PSBO 
942 |c CR